000 00565nam a2200241 a 4500
001 nice12345678
003 IN_TiNIC
005 20260116012043.0
008 050524s1940 hyda grp 000 0 urd
020 _a
_c2
082 0 0 _a297.85
_bDEE1
100 _aDeendar, Siddiq
245 _aJame-Ul-Bahrain
260 _aHyderabad
_bDeendar Anjuman
_c1940
300 _a145p
500 _aincludes index and biblioraphy
505 2 _aVarious Documents
650 _aDeendar
700 1 _aDeendar, Siddiq
902 _bSRS
942 _cBK
999 _c5448
_d5448